|
|
|
|
| LEADER |
02044nam a22003738i 4500 |
| 001 |
38630 |
| 003 |
BD-DhAAL |
| 005 |
20220523102824.0 |
| 008 |
220523r20201985enk b 001 0 eng d |
| 999 |
|
|
|c 44063
|d 44063
|
| 010 |
|
|
|a 2019020553
|
| 020 |
|
|
|a 9781108730709
|
| 020 |
|
|
|a 9781108499453
|
| 040 |
|
|
|a DLC
|b eng
|e rda
|c DLC
|d BD-DhAAL
|
| 042 |
|
|
|a pcc
|
| 050 |
0 |
0 |
|a P107
|b .Y85 2019
|
| 082 |
0 |
0 |
|a 401
|2 23
|
| 100 |
1 |
|
|a Yule, George,
|d 1947-
|e author.
|9 48593
|
| 245 |
1 |
4 |
|a The study of language /
|c George Yule.
|
| 250 |
|
|
|a Seventh edition.
|
| 263 |
|
|
|a 1908
|
| 264 |
|
1 |
|a Cambridge :
|b Cambridge University Press,
|c c2020.
|
| 300 |
|
|
|a xii, 371 pages :
|b illustrations ;
|c 25 cm.
|
| 504 |
|
|
|a Includes bibliographical references and index.
|
| 505 |
0 |
|
|a Preface -- 1. The origins of language -- 2. Animals and human language -- 3. The sounds of language -- 4. The sound patterns of language -- 5. Word formation -- 6. Morphology -- 7. Grammar -- 8. Syntax -- 9. Semantics -- 10. Pragmatics -- 11. Discourse analysis -- 12. Language and the brain -- 13. First language acquisition -- 14. Second language acquisition/learning -- 15. Gestures and sign languages -- 16. Written language -- 17. Language history and change -- 18. Regional variation in language -- 19. Social variation in language -- 20. Language and culture -- Glossary -- References -- Index.
|
| 526 |
|
|
|a ENH
|
| 541 |
|
|
|a Book Finder International
|e 38630
|
| 650 |
|
0 |
|a Language and languages.
|9 48594
|
| 650 |
|
0 |
|a Linguistics.
|9 48595
|
| 650 |
|
0 |
|a English language.
|9 48596
|
| 852 |
|
|
|a Ayesha Abed Library
|c General Stacks
|
| 942 |
|
|
|2 ddc
|c BK
|
| 952 |
|
|
|0 0
|1 0
|2 ddc
|4 0
|6 401_000000000000000_YUL
|7 0
|9 70640
|a BRACUL
|b BRACUL
|c GEN
|d 2022-05-18
|e Book Finder International
|g 890.82
|l 11
|m 45
|o 401 YUL
|p 3010038630
|r 2026-05-18
|s 2026-02-02
|t 1
|v 890.82
|w 2022-05-18
|y BK
|
| 952 |
|
|
|0 0
|1 0
|2 ddc
|4 0
|6 401_000000000000000_YUL
|7 0
|9 70641
|a BRACUL
|b BRACUL
|c GEN
|d 2022-05-18
|e Book Finder International
|g 890.82
|l 12
|m 42
|o 401 YUL
|p 3010038631
|r 2026-01-18
|s 2026-01-12
|t 2
|v 890.82
|w 2022-05-18
|y BK
|